Statistics for Countries Ending With N

Click here to take the quiz!

General Stats

  • This quiz has been taken 91 times
    (71 since last reset)
  • The average score is 21 of 25

Answer Stats

Country% Correct
Japan
94%
Afghanistan
93%
Pakistan
93%
Uzbekistan
93%
Azerbaijan
91%
Iran
91%
Kazakhstan
91%
Tajikistan
91%
Turkmenistan
91%
Yemen
89%
Bahrain
85%
Benin
85%
Kyrgyzstan
85%
Oman
85%
Sudan
85%
South Sudan
83%
Sweden
81%
Bhutan
80%
Lebanon
76%
Jordan
74%
Cameroon
72%
Spain
70%
Gabon
69%
Taiwan
69%
Liechtenstein
65%

Score Distribution

Percentile by Number Answered

Percent of People with Each Score

Your Score History

You have not taken this quiz since the last reset